| 000 | 00523nam a2200169Ia 4500 | ||
|---|---|---|---|
| 008 | 240729s9999 xx 000 0 und d | ||
| 022 | _a2767-441X | ||
| 245 | 0 | _aInterdisciplinary Materials | |
| 260 | _aAustralia | ||
| 260 | _bWiley | ||
| 650 | _a Electrical engineering. Electronics. Nuclear engineering | ||
| 650 | _a Materials of engineering and construction. Mechanics of materials | ||
| 650 | _aTechnology | ||
| 856 | _uhttps://doaj.org/toc/bf311bcf132248d082dab31c48b1b529 | ||
| 942 | _2ddc | ||
| 942 | _cDOAJEJ | ||
| 999 |
_c72722 _d72722 |
||
| 945 |
_a1 _bMadushi Gamage _c1 _dMadushi Gamage |
||